书目信息 |
| 题名: |
热分析法及其在陶瓷领域中的应用
|
|
| 作者: | 陈建邦 著 | |
| 分册: | ||
| 出版信息: | 北京 中国建筑工业出版社 1981 |
|
| 页数: | 160页 | |
| 开本: | 19cm | |
| 丛书名: | ||
| 单 册: | ||
| 中图分类: | O69 | |
| 科图分类: | ||
| 主题词: | 热分析-应用-陶瓷工业 , 陶瓷工业-应用-热分析 , 应用化学 , 化学--应用 | |
| 电子资源: | ||
| ISBN: | ||
| 000 | 00735nam0 2200265 45 | |
| 001 | 0181003736 | |
| 005 | 20061119160851.43 | |
| 010 | @dCNY0.42 | |
| 091 | @aCN@b15040.4076 | |
| 100 | @a19950622d1981 em y0chiy0121 ea | |
| 101 | 0 | @achi |
| 102 | @aCN@b110000 | |
| 105 | @ay z 000yy | |
| 200 | 10 | @a热分析法及其在陶瓷领域中的应用@Are fen xi fa ji qi zai tao ci ling yu zhong de ying yong@f陈建邦著 |
| 210 | @a北京@c中国建筑工业出版社@d1981 | |
| 215 | @a160页@d19cm | |
| 606 | @a热分析-应用-陶瓷工业 | |
| 606 | @a陶瓷工业-应用-热分析 | |
| 606 | 0 | @a应用化学 |
| 606 | 0 | @a化学@x应用 |
| 690 | @aO69@v3 | |
| 701 | 0 | @a陈建邦@Achen jian bang@4著 |
| 801 | 2 | @aCN@bNLC@c20061119 |
| 801 | 0 | @aCN@bTSSF |
| 905 | @a10447@dO69@e1 | |
| 热分析法及其在陶瓷领域中的应用/陈建邦著.-北京:中国建筑工业出版社,1981 |
| 160页;19cm |
| ISBN :CNY0.42 |
| ● |
| 相关链接 |
|
|
|
|
正题名:热分析法及其在陶瓷领域中的应用
索取号:O69/1
 
预约/预借
| 序号 | 登录号 | 条形码 | 馆藏地/架位号 | 状态 | 备注 |
| 1 | 0063538 | 202100822 | 第二样本阅览室/ [索取号:O69/1] | 在馆 |